000 00497nam a2200169Ia 4500
008 090711s9999 xx 000 0 und d
082 _b74689
100 _aबनहट्टी राजेंद्र
245 _aमध्यंतर
260 _c1994
300 _a128
600 _aबनहट्टी राजेंद्र
630 _aमध्यंतर
700 _aबनहट्टी राजेंद्र
730 _aमध्यंतर
942 _cBOOK
999 _c306236
_d306236